Aktuálne otázky svetovej ekonomiky

Charakteristika vývoja svetovej ekonomiky. Trendová analýza základných ekonomických parametrov v hlavných centrách svetovej ekonomiky. Perspektívy svetovej ekonomiky po roku 2011. Predpoklady vývoja HDP. Miera nezamestnanosti v niektorých centrách svetovej ekonomiky. Fiškálna politika - jedna z rozh...

Full description

Saved in:
Bibliographic Details
Main Author: Štofová, Lenka, 1989-
Other Authors: Szaryszová, Petra, 1984-
Format: Book Chapter
Language:Slovak
Subjects:
Tags: Add Tag
No Tags, Be the first to tag this record!

MARC

LEADER 00000nla a2200000 4500
001 0239321
005 20240502073857.8
041 0 |a slo 
044 |a SK 
245 1 0 |a Aktuálne otázky svetovej ekonomiky  |c Lenka Štofová, Petra Szaryszová 
520 |a Charakteristika vývoja svetovej ekonomiky. Trendová analýza základných ekonomických parametrov v hlavných centrách svetovej ekonomiky. Perspektívy svetovej ekonomiky po roku 2011. Predpoklady vývoja HDP. Miera nezamestnanosti v niektorých centrách svetovej ekonomiky. Fiškálna politika - jedna z rozhodujúcich vládnych aktivít pri stabilizácii ekonomického vývoja. 
610 2 0 |a hospodárstvo svetové 
610 2 0 |a rast hospodársky 
610 2 0 |a integrácia ekonomická 
610 2 0 |a internacionalizácia ekonomiky 
610 2 0 |a politika fiškálna 
610 2 0 |a svet 
610 2 0 |a produkt domáci hrubý 
610 2 0 |a miera nezamestnanosti 
100 1 |a Štofová, Lenka, 1989- 
700 1 |a Szaryszová, Petra, 1984-